Loading...
Fine Arts - Classical Music | 2 | 5.00 | 50% | 0% | 0% |
Fine Arts - Other Fine Arts | 5 | 12.00 | 100% | 0% | 20% |
Fine Arts - Visual Fine Arts | 4 | 17.50 | 100% | 75% | 0% |
Geography/Current Events | 3 | 20.00 | 100% | 67% | 33% |
History - American History | 4 | 15.00 | 100% | 50% | 0% |
History - European History | 3 | 13.33 | 100% | 33% | 0% |
History - Other History | 5 | 22.00 | 80% | 100% | 40% |
History - World History | 5 | 12.00 | 80% | 20% | 20% |
Literature - American Literature | 3 | 10.00 | 67% | 33% | 0% |
Literature - British Literature | 2 | 10.00 | 50% | 50% | 0% |
Literature - European Literature | 4 | 17.50 | 100% | 25% | 50% |
Literature - World/Other Literature | 3 | 13.33 | 100% | 0% | 33% |
Mythology | 4 | 20.00 | 100% | 75% | 25% |
Other Academic | 2 | 15.00 | 100% | 0% | 50% |
Philosophy | 4 | 20.00 | 75% | 75% | 50% |
Pop Culture | 1 | 20.00 | 100% | 100% | 0% |
Religion | 5 | 16.00 | 100% | 60% | 0% |
Science - Biology | 5 | 14.00 | 80% | 40% | 20% |
Science - Chemistry | 3 | 10.00 | 33% | 33% | 33% |
Science - Other Science | 4 | 15.00 | 100% | 50% | 0% |
Science - Physics | 4 | 20.00 | 100% | 100% | 0% |
Social Science | 2 | 15.00 | 100% | 50% | 0% |